Niektoré otázky rozvoja hydromelioračnej výstavby v SSR v 7. päťročnici

Bibliographic Details
Main Author: Brňák, Oldřich (Author)
Format: Article
Language:Slovak
Subjects:

MARC

LEADER 00000nab a2200000 a 4500
001 vtls000112071
003 SK-MaSNL
005 20260303024053.0
008 111031c1980 xo 0 slo
015 |a SNBRA19rr/mm-uuuuu 
035 |a CL0122174 
040 |a SNKBUCL  |b slo  |c SNKBUCL  |e AACR2 
041 0 |a slo 
044 |a xo  |c SK 
080 |a 631.6  |2 1981 
080 |a 626  |2 1981 
100 1 |a Brňák, Oldřich  |4 aut  |9 344537 
245 1 0 |a Niektoré otázky rozvoja hydromelioračnej výstavby v SSR v 7. päťročnici  |c Oldřich Brňák 
650 0 7 |a meliorácie  |2 snkbucl  |9 14505 
655 7 |a články zo zborníkov  |2 snkbucl  |9 166140 
773 0 |t Optimalizácia poľnohospodárskej krajiny melioráciami 2  |d Nitra : VŠP, 1980 
850 |a Slovenská národná knižnica v Martine  |a MTA001 
852 |a SNK  |b KIS3GCP 
958 |a RK 
992 |a RZB 
999 |c 1638113  |d 1640043